000 00478nam a2200193Ia 4500
005 20260429112214.0
008 260429s9999||||xx |||||||||||||| ||und||
020 _a9788197115080
041 _aEnglish
082 _a579
_bSHA
100 _aSharma, Nandini
245 0 _aApplied microbiology /
_cNandini Sharma
250 _a1st ed.
260 _aJaipur :
_bYking Book,
_c2024.
300 _avi, 284 p.; hb
650 _a Microbiology
650 _aBiology
942 _cTB
999 _c52890
_d52890